000 00382nam a2200181Ia 4500
005 20250603144604.0
008 250603s9999 xx 000 0 und d
020 _a058240830X
050 _aPZ 7 .T39 B73/
100 _aTaylor, Nancy
245 0 _aBrad Pitt
260 _aMadrid
260 _bLongman
260 _c2000
300 _a23 p
650 _aMadrid
942 _cBK
999 _c39369
_d39369